000 00348nam a2200157Ia 4500
100 _aBehringer/Michael H
650 _aComputers
942 _cBK
366 _f15
654 _aMPL
245 _aMPLS VPN Security-Cisco systems
260 _bPearson Education
_aMumbai
_c2006
082 _a005.8/SIN
_bSIN
300 _a285
546 _aENGLISH
999 _c32615
_d32615